000 00705nam a2200229 i 4500
001 145353
003 ES-MaACL
005 20250901034335.0
007 t|
008 070214s1967 sp bd |||| | spa d
100 1 _aSorlin, Pierre.
_9107409
245 1 3 _aLa sociedad soviética
_b: 1917-1964 /
_cPierre Sorlin ; traducción de A. Abad.
250 _a1ª ed.
260 _aBarcelona :
_bVicens-Vives,
_c1967.
300 _a359 p. :
_bgráf., mapas ;
_c21 cm.
504 _aBibliografía: p. [343]-351.
651 4 _aURSS-
_xSituación social-
_vHistoria.
_9163714
651 4 _aURSS-
_xHistoria.
_99469
700 1 _aAbad, Ángel
_917894
852 _aES-MaACL
_jC-32461
999 _c145353
_d145353